Statistics for City By Churches Quiz

Click here to take the quiz!

General Stats

  • This quiz has been taken 17 times
  • The average score is 10 of 15

Answer Stats

Answer% Correct
Barcelona
100%
Moscow
100%
Milan
93%
Paris
93%
Istanbul
87%
London
80%
New York City
80%
Cologne
73%
Mexico City
73%
Kiev
67%
Brasilia
60%
Krakow
53%
Berlin
33%
Stockholm
33%
Buenos Aires
13%

Score Distribution

Percentile by Number Answered

Percent of People with Each Score

Your Score History

You have not taken this quiz